000 01443nam a22003737a 4500
003 CHAP
005 20220329141225.0
008 971010s1989 r 00010 d
010 _a64661
011 _a65633
035 _a72781
040 _cCHAP
090 _aTesis
100 0 0 _aRodríguez Monroy, José de Jesús.
_998710
245 1 0 _aSusceptibilidad de las principales malas hierbas del Valle de México a cinco herbicidas (Alachlor, Dacthal, Difenamida, metolachlor y trifluralina) de uso común en México
_c/por José de Jesús Rodríguez Monrroy
260 _aChapingo, Méx. :
_bEl autor,
_c1989
300 _a88 h.
502 _aTesis (Ing. Agr. Esp. en Parasitología Agrícola) -- UACH. Departamento de Parasitología Agrícola
590 _aALEPH
_b10
_c20130110
_lUCH01
_h1353
590 _aBATCH-UPD
_b10
_c20130110
_lUCH01
_h0502
590 _aBATCH-UPD
_b10
_c20130110
_lUCH01
_h2306
590 _aBATCH-UPD
_b10
_c20130410
_lUCH01
_h0140
590 _aBATCH-UPD
_b10
_c20130914
_lUCH01
_h1608
590 _aCONVERSION
_b10
_c20130109
_lUCH01
_h1335
650 1 4 _aAlachlor.
_93300
650 1 4 _aHerbicidas.
_953691
650 1 4 _aMalas hierbas
_xControl.
_970011
650 1 4 _aMalas hierbas
_xValle de México.
_970044
901 _aBK
942 _cFOLL
949 _bBC
_cTES
_d-154243
_eTS1
_h21372
_i72781
_si
949 _bBC
_cTES
_d-154244
_eTS2
_fc.2
_h21564
_i72781
_si
949 _bBC
_cTES
_d-154245
_eTS2
_fc.3
_h21372
_i72781
_si
999 _c64661
_d64661